Зохиогчийн үсэг дарааллын гурван тэмдэгт (Бичлэгийн дугаар. 66294)

MARC дэлгэрэнгүй
000 -Удирдлага
Ном зүйн бүртгэл тоо буюу кодлох утгыг агуулсан 01233 a2200229 4500
003 - ХЯНАЛТЫН ТОО ТОДОРХОЙЛОГЧ
Код MN-UlNLM
005 - ХАМГИЙН СҮҮЛИЙН ҮЕИЙН ХЭЛЦЛИЙН ОГНОО БА ЦАГ
Тухайн бичилтийг бичсэн засварласан сүүлийн огноо. 20220602154803.0
008 - ЕРӨНХИЙ МЭДЭЭЛЭЛ-ЭЛЕМЕНТҮҮДИЙН ӨГӨГДЛИЙН УРТ
fixed length control field a130t2000 mp ||||| |||| 00| 0 mon d
040 ## - ЭХ СУРВАЛЖИЙГ ТОДОРХОЙЛОН БИЧИХ
Анхны каталогийн байгууллага Монгол Улсын Үндэсний номын сан
084 ## - БУСАД АНГИЛЛЫН ДУГААР
Анги 78.37
Ангиллын нэр Номын сан номзүйн ангилал
Зохиогчийн 3-н тэмдэгт З-88
Шинжлэх ухааны мэдлэгийн салбар Соёл, шинжлэх ухаан, боловсрол - 7
110 ## - ДЭЭД ГАРЧГИЙН МЭДЭЭ
Эрхлэн гаргасан байгууллагын нэр Соёл урлаг судлалын хүрээлэн, УТНС., Монголын номын санчдын холбоо
245 0# - ҮНДСЭН ГАРЧИГ
Гарчиг Зохиогчийн үсэг дарааллын гурван тэмдэгт
Оролцогчдын тухай мэдээ Боловс. Ж.Цэзэн, Ш.Базар
-- Ред. Н.Цагаач
250 ## - ХЭВЛЭЛТИЙН ТУХАЙ МЭДЭЭ
Дахин хэвлэлтийн мэдээ 3
260 1# - ГАРАЛТЫН ТУХАЙ МЭДЭЭ
Хэвлэгдсэн газар УБ
Хэвлэлийн газар Мөнхийн үсэг
Хэвлэгдсэн он 2000
300 ## - ТООНЫ МЭДЭЭ
Хуудасны тоо 267х
546 ## - ХЭЛНИЙ ТУХАЙ МЭДЭЭ
Хэл
653 ## - ТҮЛХҮҮР ҮГС
Түлхүүр үг Соёл шинжлэх ухаан, боловсрол
-- Номын сан
740 ## - НОМЫН АГУУЛГЫН ГАРЧИГ
Номын гарчгууд Зохиогчийн үсэг дарааллын 3 тэмдэгтийг хэрэглэх журам.
-- Орос хэлний номд зориулсан зохиогчийн үсэг дарааллын 2 тэмдэгт.
-- Латин үсэг хэрэглэдэг улсуудын номд зориулсан зохиогчийн үсэг дарааллын 2 тэмдэгт.
856 ## - ЭЛЕКТРОН БАЙРЛАЛ БА ХОЛБООС
Төрөл Хэвлэмэл ном
942 ## - ЭЛЕМЕНТИЙН ТӨРӨЛ
Төрөл Ном
Захиалгууд
Буцаан татагдсан төлөв Хасагдсан шалтгаан Гэмтсэн төлөв Данс заагч Захиалах боломжгүй Үндсэн номын сан Одоогийн байршил Салбар танхим Сан хөмрөг 5 Бүртгэсэн огноо Тавиурын заалт Баркод Үнэ Хамгийн сүүлд байсан огноо Нийт уншлаганд гарсан тоо Төрөл Салбар
          МУҮНомын сан салбар МУҮНомын сан салбар МУҮНС салбар | Эрдэм танхим 7 давхар МУҮНС салбар | Эрдэм танхим 7 давхар 2021-11-03 60125 02060125 9000.00 2021-11-03   Ном  
          МУҮНомын сан салбар МУҮНомын сан салбар МУҮНС салбар | Эрдэм танхим 7 давхар МУҮНС салбар | Эрдэм танхим 7 давхар 2021-09-09 60122 02060122 9000.00 2022-11-20   Ном 0000020601
          МУҮНомын сан салбар МУҮНомын сан салбар МУҮНС салбар | Эрдэм танхим 7 давхар МУҮНС салбар | Эрдэм танхим 7 давхар 2018-05-23 60123 02060123 9000.00 2018-05-23   Ном 0000020601
          МУҮНомын сан салбар МУҮНомын сан салбар МУҮНС салбар | Эрдэм танхим 7 давхар МУҮНС салбар | Эрдэм танхим 7 давхар 2021-09-09 60126 02060126 9000.00 2021-09-09   Ном 0000020601
          МУҮНомын сан салбар МУҮНомын сан салбар МУҮНС салбар | Эрдэм танхим 7 давхар МУҮНС салбар | Эрдэм танхим 7 давхар 2021-09-09 60124 02060124 9000.00 2021-09-09   Ном